000 00577nam a2200181Ia 4500
003 GCL
008 140319s9999 xx 000 0 ara d
040 _aGCL /
_cGCL
082 0 4 _a810.9
_bا ت
100 1 _aاحمد حسن الزيات
245 1 0 _aتاريخ الادب العربى :
_bللمدارس الثانوية والعليا /
_cاحمد حسن الزيات
260 _aبيروت :
_bدار المعرفة ،
_c1999
300 _a600 ص ؛
_c24 سم
490 _a
650 0 4 _aالادب العربى
650 0 4 _aتاريخ ونقد
942 _2ddc
_cBK
999 _c44451
_d44451